[Event "Sec op-A"]
[Site "Sec u Chrudimi"]
[Date "2007.10.27"]
[Round "9"]
[White "Benes, Milan"]
[Black "Haman, Martin"]
[Result "1-0"]
[WhiteElo "1911"]
[BlackElo "1852"]
[PlyCount "109"]
[EventDate "2007.10.20"]
[EventType "swiss"]
[EventRounds "9"]
[EventCountry "CZE"]
[SourceTitle "EXT 2022"]
[Source "ChessBase"]
[SourceDate "2021.10.06"]
[SourceVersion "1"]
[SourceVersionDate "2021.10.06"]
[SourceQuality "1"]

1. e4 e5 2. Nf3 Nc6 3. d4 exd4 4. Nxd4 Bc5 5. Be3 Qf6 6. c3 Nge7 7. Be2 Bb6 8. 0-0 d6 9. Na3 Qg6 10. Bf3 Bd7 11. Nc4 Ne5 12. Nxb6 Nxf3+ 13. Qxf3 axb6 14. Bf4 0-0 15. Rfe1 Nc6 16. Nc2 Rfe8 17. Qd3 Ne5 18. Bxe5 Rxe5 19. f3 Rae8 20. Nb4 Bc6 21. Red1 Kf8 22. Rd2 f5 23. exf5 Qxf5 24. Qxf5+ Rxf5 25. Kf2 Rfe5 26. Nc2 Bb5 27. Re1 Rxe1 28. Nxe1 Kf7 29. Nc2 Kf6 30. Ne3 Bc6 31. Rd4 Kf7 32. h4 Re5 33. g4 Re6 34. Rf4+ Rf6 35. Rxf6+ Kxf6 36. f4 h6 37. g5+ hxg5 38. hxg5+ Kf7 39. f5 Be4 40. Kg3 c5 41. Kf4 Bb1 42. a3 b5 43. g6+ Ke8 44. Kg5 Ba2 45. f6 Kf8 46. fxg7+ Kxg7 47. Nf5+ Kg8 48. Nxd6 Kg7 49. Nf5+ Kg8 50. Kf6 Kh8 51. Nd6 b4 52. Nxb7 Bd5 53. Nxc5 bxc3 54. bxc3 Kg8 55. a4 1-0

[Event "Sec op-A"]
[Site "Sec u Chrudimi"]
[Date "2007.10.22"]
[Round "4"]
[White "Benes, Milan"]
[Black "Ries, Vilem"]
[Result "0-1"]
[WhiteElo "1911"]
[BlackElo "1870"]
[PlyCount "98"]
[EventDate "2007.10.20"]
[EventType "swiss"]
[EventRounds "9"]
[EventCountry "CZE"]
[SourceTitle "EXT 2022"]
[Source "ChessBase"]
[SourceDate "2021.10.06"]
[SourceVersion "1"]
[SourceVersionDate "2021.10.06"]
[SourceQuality "1"]

1. e4 e5 2. Nf3 Nc6 3. d4 exd4 4. Nxd4 Nf6 5. Nxc6 bxc6 6. e5 Qe7 7. Qe2 Nd5 8. c4 Nb6 9. Nc3 Qe6 10. b3 Bb4 11. Bb2 d6 12. exd6 cxd6 13. Qxe6+ Bxe6 14. a3 Bxc3+ 15. Bxc3 0-0 16. Be2 Rab8 17. 0-0 d5 18. c5 Nc8 19. b4 Ne7 20. Be5 Rbd8 21. a4 Nf5 22. b5 f6 23. Bc7 Nd4 24. Bd3 Rc8 25. Bd6 Rfd8 26. bxc6 Rxc6 27. Bb5 Rcxd6 28. cxd6 Rxd6 29. Rac1 Bf5 30. Rfd1 Nxb5 31. axb5 d4 32. Rc7 d3 33. Rxa7 Re6 34. f3 Rb6 35. Ra5 Kf7 36. Kf2 Rb7 37. g4 Bg6 38. Rda1 Ke6 39. f4 Kd5 40. f5 Be8 41. Ra7 Rxb5 42. R7a5 Kd4 43. Rxb5 Bxb5 44. Ke1 Ke3 45. Ra2 Bc4 46. Rb2 Bd5 47. h4 h6 48. Rf2 Bf3 49. g5 Be2 0-1

[Event "CZE-ch Juniors op-A"]
[Site "Sec u Chrudimi"]
[Date "2007.03.16"]
[Round "8"]
[White "Kuchynka, Lubos"]
[Black "Benes, Milan"]
[Result "1-0"]
[WhiteElo "2061"]
[BlackElo "1842"]
[PlyCount "85"]
[EventDate "2007.03.10"]
[EventType "swiss"]
[EventRounds "9"]
[EventCountry "CZE"]
[SourceTitle "EXT 2008"]
[Source "ChessBase"]
[SourceDate "2007.11.25"]
[SourceVersion "1"]
[SourceVersionDate "2007.11.25"]
[SourceQuality "1"]

1. d4 d6 2. c4 g6 3. Nc3 Bg7 4. e4 Nd7 5. f4 c5 6. d5 Nh6 7. Nf3 0-0 8. Be2 f5 9. e5 dxe5 10. fxe5 Ng4 11. e6 Nb8 12. Bf4 Na6 13. Qd2 Nc7 14. h3 Nf6 15. Ng5 Nce8 16. Nf7 Rxf7 17. exf7+ Kxf7 18. 0-0 Nd6 19. Bh6 Bd7 20. Bxg7 Kxg7 21. Rae1 Qc7 22. Bf3 Re8 23. b3 b6 24. Qf4 Qc8 25. Bd1 Nf7 26. Qf2 Ng5 27. h4 Nge4 28. Nxe4 Nxe4 29. Qf4 Qb8 30. Qxb8 Rxb8 31. Bf3 Rf8 32. Bxe4 fxe4 33. Rxf8 Kxf8 34. Rxe4 Bf5 35. Rf4 Ke8 36. g4 Bb1 37. Rf2 Bd3 38. Kg2 b5 39. cxb5 Bxb5 40. Rc2 Kd7 41. Rxc5 Bd3 42. Kf3 Kd6 43. b4 1-0